Leader xxxxxxxxxx
001 __ PCLIS00013676
005 __ 20220512083340.0
010 0_ |b套 : 平裝|dNT$300
100 __ |a19870509d1987 m y0chiy09 e
101 1_ |achi|cjpn
102 __ |atw
105 __ |aaj z 000ay
200 1_ |a源氏物語|f紫式部著|g豐子愷譯
205 __ |a初版
210 __ |a臺北巿|c遠景|d民76[1987]
215 0_ |a3冊(1485面)|c圖, 摺圖|d19公分
225 1_ |a世界文學全集|v113
300 __ |a\"語文--世界文學全集"--adm
300 __ |a作者號由adm取自遠景補0; 由t561改回作者
300 __ |a附錄: 譯後記
314 __ |a作者號年代取自日本時代表
330 __ |a\"紫式部為平安時代出身書香門第的才女,自幼天性敏悟,數度進出宮庭,對朝廷生活、人物、器物、儀禮觀察入微。她以細膩生動的筆,描摩政治糾葛和愛情紛爭,寫出平安時代富麗典雅的宮庭生活。全書54帖,文字百萬言以上;紫式部在書中展現構思的巧妙及行文的富麗,獨步日本文學,心理描寫的纖細尤開近代小說的先河。成書時間約1001年至1008年之間,比但丁早300年,比莎士比亞早600年,比歌德早800年,日本人自詡為世界最古老的長篇寫實小說。"--取自封底
681 __ |a861.542|b3434
681 __ |a813|b8740 88 V113-2
681 __ |a813|b8740 88 V113-1
681 __ |a813|b8740 88 V113
700 _0 |a紫式部|f973?-1014?|4著
702 _1 |a豐|b子愷|f1898-1975|4譯
801 _0 |atw|b內湖高中|c20010622
801 _2 |atw|b內湖高中|c20220512|gCCR
|